000 00897nam a2200301Ia 4500
003 OSt
005 20221007121222.0
006 a|||||r|||| 00| 0
007 ta
008 221006b |||||||| |||| 00| 0 eng d
020 _a9789350590676 (pbk)
024 _a180725
037 _b725, 29/03/2012, Dhanraj Book House
_cTextual
040 _aBDL
_cBDL
_beng
041 _2eng
_aeng
082 _aJ:(I), N8;Q1 Carb
100 _aKochhar SL
_9710078
245 0 _aEconomic botany in the tropics
250 _a4
260 _aDelhi
_bMacmillan
_c2011
300 _axxix; 664p.
_ccm.
500 _aInclude bibliographical references; Index 635-664p.
650 _a Agriculture
650 _a Economic botany
_9277884
650 _aBotany
942 _hJ:(I), N8;Q1 Carb
_cTEXL
_2CC
999 _c1208580
_d1208580